[Event "SVK-chT5 SE-SI 1213"]
[Site "Slovakia"]
[Date "2013.03.23"]
[Round "14.1"]
[White "Wallner, Juraj"]
[Black "Pipiska, Adam"]
[Result "0-1"]
[WhiteElo "1495"]
[BlackElo "1674"]
[PlyCount "78"]
[EventDate "2012.10.06"]
[EventType "team-tourn"]
[EventRounds "14"]
[EventCountry "SVK"]
[SourceTitle "EXT 2022"]
[Source "ChessBase"]
[SourceDate "2021.10.06"]
[SourceVersion "1"]
[SourceVersionDate "2021.10.06"]
[SourceQuality "1"]
[WhiteTeam "Stefanov II"]
[BlackTeam "Senica CVC III"]
[WhiteTeamCountry "SVK"]
[BlackTeamCountry "SVK"]

1. e4 e5 2. Nf3 Nc6 3. Bc4 Bc5 4. Nc3 d6 5. h3 Be6 6. Nd5 Nf6 7. Qe2 Bxd5 8. exd5 Nb4 9. d3 Nbxd5 10. d4 Bb4+ 11. c3 Nxc3 12. bxc3 Bxc3+ 13. Bd2 Bxa1 14. 0-0 Bxd4 15. Nxd4 0-0 16. Nc2 d5 17. Bb3 Re8 18. Bg5 c6 19. Ne3 Qd6 20. Qf3 Ne4 21. Qg4 Qg6 22. Bh4 Qxg4 23. hxg4 g5 24. Bg3 Nxg3 25. fxg3 a5 26. Nf5 Re6 27. Kf2 Ra6 28. Rh1 Rb6 29. Kf3 a4 30. Bc2 e4+ 31. Ke3 Rb2 32. Bxa4 Rxa2 33. Bb3 Ra3 34. Rb1 c5 35. Kf2 Rb6 36. Bc2 Rxb1 37. Bxb1 Rb3 38. Bc2 Rb2 39. Ne3 d4 0-1

[Event "SVK-chT3A2 1213"]
[Site "Slovakia"]
[Date "2013.03.10"]
[Round "10.1"]
[White "Drgon, Matus"]
[Black "Pipiska, Adam"]
[Result "1-0"]
[WhiteElo "1643"]
[BlackElo "1674"]
[PlyCount "71"]
[EventDate "2012.10.07"]
[EventType "team-tourn"]
[EventRounds "11"]
[EventCountry "SVK"]
[SourceTitle "EXT 2015"]
[Source "ChessBase"]
[SourceDate "2014.11.20"]
[SourceVersion "1"]
[SourceVersionDate "2014.11.20"]
[SourceQuality "1"]
[WhiteTeam "Hlohovec SK Zentiva"]
[BlackTeam "Senica CVC"]
[WhiteTeamCountry "SVK"]
[BlackTeamCountry "SVK"]

1. d4 d6 2. c4 g6 3. Nc3 Bg7 4. e4 Nf6 5. f3 0-0 6. Be3 Nbd7 7. Qd2 c5 8. d5 Ne5 9. 0-0-0 a6 10. g4 b5 11. cxb5 axb5 12. Bxb5 Ba6 13. Bxa6 Rxa6 14. Qe2 c4 15. Bd4 Nd3+ 16. Rxd3 cxd3 17. Qxd3 Qa8 18. Nge2 Rb8 19. Rd1 Qb7 20. Qc2 Rc8 21. Kb1 Nd7 22. Bxg7 Kxg7 23. Nd4 Ne5 24. h3 Nc4 25. Qe2 Rb6 26. b3 Qc7 27. Nc6 Ne5 28. Qb2 f6 29. Nxe5 dxe5 30. Rc1 Qb7 31. Na4 Rxc1+ 32. Qxc1 Rb4 33. Nc5 Qb5 34. Ne6+ Kf7 35. Qc8 Qd3+ 36. Kb2 1-0

[Event "SVK-chT4A21 1213"]
[Site "Slovakia"]
[Date "2012.12.16"]
[Round "5.3"]
[White "Pipiska, Adam"]
[Black "Vagovic, Milan"]
[Result "1-0"]
[WhiteElo "1674"]
[BlackElo "1725"]
[PlyCount "101"]
[EventDate "2012.10.14"]
[EventType "team-tourn"]
[EventRounds "11"]
[EventCountry "SVK"]
[SourceTitle "EXT 2022"]
[Source "ChessBase"]
[SourceDate "2021.10.06"]
[SourceVersion "1"]
[SourceVersionDate "2021.10.06"]
[SourceQuality "1"]
[WhiteTeam "Senica CVC II"]
[BlackTeam "Chtelnica Kamenar"]
[WhiteTeamCountry "SVK"]
[BlackTeamCountry "SVK"]

1. e4 e5 2. Nf3 Nc6 3. d4 exd4 4. Nxd4 Bc5 5. Be3 Nxd4 6. Bxd4 Bxd4 7. Qxd4 Qf6 8. e5 Qb6 9. Qxb6 axb6 10. Nc3 c6 11. Bc4 Ne7 12. 0-0 0-0 13. Rad1 Re8 14. Ne4 Nf5 15. Nd6 Nxd6 16. exd6 b5 17. Rfe1 Rxe1+ 18. Rxe1 Kf8 19. Bb3 c5 20. Bd5 Ra6 21. Re7 Rxd6 22. Rxf7+ Ke8 23. Rf5 b6 24. Kf1 Rf6 25. Re5+ Kd8 26. a3 d6 27. Rg5 Rf5 28. Rxf5 Bxf5 29. c3 Kc7 30. Ke2 Bd7 31. Ke3 Bc6 32. Ke4 Bd7 33. h4 Be8 34. g4 Bg6+ 35. Kf4 Bd3 36. Be4 Bxe4 37. Kxe4 Kc6 38. f4 h6 39. f5 Kd7 40. g5 hxg5 41. hxg5 Kc6 42. f6 d5+ 43. Ke5 gxf6+ 44. gxf6 d4 45. cxd4 cxd4 46. Kxd4 Kd6 47. b4 Ke6 48. f7 Kxf7 49. Kd5 Ke7 50. Kc6 Kd8 51. Kxb6 1-0